Protection internationale des réfugiés en Belgique (Record no. 2989)

MARC details
000 -LEADER
fixed length control field 02268cam a2200541Li 4500
001 - CONTROL NUMBER
control field ocn494885607
003 - CONTROL NUMBER IDENTIFIER
control field TZ-ArACH
005 - DATE AND TIME OF LATEST TRANSACTION
control field 20150327125758.0
008 - FIXED-LENGTH DATA ELEMENTS--GENERAL INFORMATION
fixed length control field 090223s2008 fr f b 000 0 fre d
020 ## - INTERNATIONAL STANDARD BOOK NUMBER
International Standard Book Number 9782802726265 (br)
020 ## - INTERNATIONAL STANDARD BOOK NUMBER
International Standard Book Number 2802726269 (br)
035 ## - SYSTEM CONTROL NUMBER
System control number (OCoLC)494885607
040 ## - CATALOGING SOURCE
Original cataloging agency ZWZ
Description conventions ncafnor
Language of cataloging fre
Transcribing agency TZ-ArACH
Modifying agency LVB
-- UQ1
-- BEDGE
041 ## - LANGUAGE CODE
Language code of text/sound track or separate title Fre
049 ## - LOCAL HOLDINGS (OCLC)
Holding library TZAA
050 00 - LIBRARY OF CONGRESS CALL NUMBER
Classification number HV640
Item number .B63
100 1# - MAIN ENTRY--PERSONAL NAME
Personal name Bodart, Serge
Dates associated with a name (1958-....)
9 (RLIN) 14977
245 13 - TITLE STATEMENT
Title Protection internationale des réfugiés en Belgique
Medium [Texte imprimé] /
Statement of responsibility, etc Serge Bodart.
260 ## - PUBLICATION, DISTRIBUTION, ETC. (IMPRINT)
Place of publication, distribution, etc Bruxelles :
Name of publisher, distributor, etc Bruylant,
Date of publication, distribution, etc 2008.
300 ## - PHYSICAL DESCRIPTION
Extent xx. (XX347 p.) ;
Dimensions 24 cm.
504 ## - BIBLIOGRAPHY, ETC. NOTE
Bibliography, etc Bibliogr. p. [341]-347.
650 #7 - SUBJECT ADDED ENTRY--TOPICAL TERM
Topical term or geographic name as entry element Réfugiés
General subdivision Statut juridique
Geographic subdivision Belgique.
Source of heading or term ram
9 (RLIN) 14978
650 #7 - SUBJECT ADDED ENTRY--TOPICAL TERM
Topical term or geographic name as entry element Réfugiés
General subdivision Protection, assistance, etc.
Geographic subdivision Belgique.
Source of heading or term ram
9 (RLIN) 14979
650 #7 - SUBJECT ADDED ENTRY--TOPICAL TERM
Topical term or geographic name as entry element Droit d'asile
Geographic subdivision Belgique.
Source of heading or term ram
9 (RLIN) 14980
650 #6 - SUBJECT ADDED ENTRY--TOPICAL TERM
Topical term or geographic name as entry element Réfugiés
Geographic subdivision Belgique.
9 (RLIN) 14981
650 #6 - SUBJECT ADDED ENTRY--TOPICAL TERM
Topical term or geographic name as entry element Refugees
Geographic subdivision Belgium
9 (RLIN) 14999
650 #6 - SUBJECT ADDED ENTRY--TOPICAL TERM
Topical term or geographic name as entry element Droit d'asile
Geographic subdivision Belgique.
9 (RLIN) 14982
650 #6 - SUBJECT ADDED ENTRY--TOPICAL TERM
Topical term or geographic name as entry element Réfugiés
General subdivision Droit
Geographic subdivision Belgique.
9 (RLIN) 14983
650 17 - SUBJECT ADDED ENTRY--TOPICAL TERM
Topical term or geographic name as entry element Assistance aux réfugiés.
Source of heading or term rasuqam
9 (RLIN) 14984
650 #7 - SUBJECT ADDED ENTRY--TOPICAL TERM
Topical term or geographic name as entry element Droit d'asile.
Source of heading or term rasuqam
9 (RLIN) 14985
650 #7 - SUBJECT ADDED ENTRY--TOPICAL TERM
Topical term or geographic name as entry element Droit international.
Source of heading or term rasuqam
9 (RLIN) 14986
650 #7 - SUBJECT ADDED ENTRY--TOPICAL TERM
Topical term or geographic name as entry element Droit interne.
Source of heading or term rasuqam
9 (RLIN) 14987
650 #7 - SUBJECT ADDED ENTRY--TOPICAL TERM
Topical term or geographic name as entry element Jurisprudence.
Source of heading or term rasuqam
9 (RLIN) 14988
650 #7 - SUBJECT ADDED ENTRY--TOPICAL TERM
Topical term or geographic name as entry element Protection juridique.
Source of heading or term rasuqam
9 (RLIN) 14989
650 17 - SUBJECT ADDED ENTRY--TOPICAL TERM
Topical term or geographic name as entry element Réfugié.
Source of heading or term rasuqam
9 (RLIN) 14990
650 #7 - SUBJECT ADDED ENTRY--TOPICAL TERM
Topical term or geographic name as entry element Statut juridique.
Source of heading or term rasuqam
9 (RLIN) 14991
650 #7 - SUBJECT ADDED ENTRY--TOPICAL TERM
Topical term or geographic name as entry element Réfugiés.
Source of heading or term eclas
9 (RLIN) 14992
650 #7 - SUBJECT ADDED ENTRY--TOPICAL TERM
Topical term or geographic name as entry element Droit international.
Source of heading or term eclas
9 (RLIN) 14993
650 #7 - SUBJECT ADDED ENTRY--TOPICAL TERM
Topical term or geographic name as entry element Droit d'asile.
Source of heading or term eclas
9 (RLIN) 14994
650 #7 - SUBJECT ADDED ENTRY--TOPICAL TERM
Topical term or geographic name as entry element Protection juridique.
Source of heading or term eclas
9 (RLIN) 14995
651 #6 - SUBJECT ADDED ENTRY--GEOGRAPHIC NAME
Geographic name Belgique
General subdivision Émigration et immigration
-- Politique gouvernementale.
9 (RLIN) 14996
651 #7 - SUBJECT ADDED ENTRY--GEOGRAPHIC NAME
Geographic name Belgique.
Source of heading or term rasuqam
9 (RLIN) 14997
651 #7 - SUBJECT ADDED ENTRY--GEOGRAPHIC NAME
Geographic name Belgique.
Source of heading or term eclas
9 (RLIN) 14998
942 ## - ADDED ENTRY ELEMENTS (KOHA)
Source of classification or shelving scheme Library of Congress Classification
Koha item type Books
Holdings
Home library Current library Shelving location Date acquired Full call number Barcode Koha item type
African Court on Human and Peoples' Rights Library African Court on Human and Peoples' Rights Library   26/03/2015 HV640 .B63 10236139 Books
African Court on Human and Peoples' Rights Library African Court on Human and Peoples' Rights Library   27/03/2015 HV640 .B63 10235787 Books
African Court on Human and Peoples' Rights Library African Court on Human and Peoples' Rights Library   27/03/2015 HV640 .B63 10235825 Books

African Court on Human and Peoples' Rights | For Inquiries Contact » +255 272 510 510